<?xml version="1.0" encoding="UTF-8"?>
<collection xmlns="http://www.loc.gov/MARC21/slim">
 <record>
  <leader>11406nam a2200577 i 4500</leader>
  <controlfield tag="001">000664760</controlfield>
  <controlfield tag="003">MiAaPQ</controlfield>
  <controlfield tag="005">20200227195002.0</controlfield>
  <controlfield tag="006">m     o  d |</controlfield>
  <controlfield tag="007">cr cnu||||||||</controlfield>
  <controlfield tag="008">181007s2019    inu     o     000 0 eng d</controlfield>
  <datafield tag="STA" ind1=" " ind2=" ">
   <subfield code="a">NEZPRACOVANÝ IMPORT</subfield>
  </datafield>
  <datafield tag="020" ind1=" " ind2=" ">
   <subfield code="z">9781119514787</subfield>
  </datafield>
  <datafield tag="020" ind1=" " ind2=" ">
   <subfield code="a">9781119514770 (e-book)</subfield>
  </datafield>
  <datafield tag="035" ind1=" " ind2=" ">
   <subfield code="a">(MiAaPQ)EBC5521163</subfield>
  </datafield>
  <datafield tag="035" ind1=" " ind2=" ">
   <subfield code="a">(Au-PeEL)EBL5521163</subfield>
  </datafield>
  <datafield tag="035" ind1=" " ind2=" ">
   <subfield code="a">(OCoLC)1054245932</subfield>
  </datafield>
  <datafield tag="050" ind1=" " ind2="4">
   <subfield code="a">HF5548.4.M523</subfield>
   <subfield code="b">.A449 2019</subfield>
  </datafield>
  <datafield tag="082" ind1="0" ind2=" ">
   <subfield code="a">005.369</subfield>
   <subfield code="2">23</subfield>
  </datafield>
  <datafield tag="100" ind1="1" ind2=" ">
   <subfield code="a">Alexander, Michael,</subfield>
   <subfield code="e">author.</subfield>
  </datafield>
  <datafield tag="245" ind1="1" ind2="0">
   <subfield code="a">Excel 2019 Bible /</subfield>
   <subfield code="c">Michael Alexander, Dick Kusleika ; previously by John Walkenbach.</subfield>
  </datafield>
  <datafield tag="264" ind1=" " ind2="1">
   <subfield code="a">Indianapolis, IN :</subfield>
   <subfield code="b">Wiley,</subfield>
   <subfield code="c">[2019]</subfield>
  </datafield>
  <datafield tag="264" ind1=" " ind2="4">
   <subfield code="c">©2019</subfield>
  </datafield>
  <datafield tag="300" ind1=" " ind2=" ">
   <subfield code="a">1 online resource (1,123 pages)</subfield>
  </datafield>
  <datafield tag="336" ind1=" " ind2=" ">
   <subfield code="a">text</subfield>
   <subfield code="b">txt</subfield>
   <subfield code="2">rdacontent</subfield>
  </datafield>
  <datafield tag="337" ind1=" " ind2=" ">
   <subfield code="a">computer</subfield>
   <subfield code="b">c</subfield>
   <subfield code="2">rdamedia</subfield>
  </datafield>
  <datafield tag="338" ind1=" " ind2=" ">
   <subfield code="a">online resource</subfield>
   <subfield code="b">cr</subfield>
   <subfield code="2">rdacarrier</subfield>
  </datafield>
  <datafield tag="588" ind1=" " ind2=" ">
   <subfield code="a">Description based on print version record.</subfield>
  </datafield>
  <datafield tag="590" ind1=" " ind2=" ">
   <subfield code="a">Electronic reproduction. Ann Arbor, MI : ProQuest, 2018. Available via World Wide Web. Access may be limited to ProQuest affiliated libraries.</subfield>
  </datafield>
  <datafield tag="505" ind1="0" ind2=" ">
   <subfield code="a">Cover -- Title Page -- Copyright -- About the Authors -- About the Technical Editors -- Credits -- Acknowledgments -- Contents -- Introduction -- Is This Book for You? -- Software Versions -- Conventions Used in This Book -- Excel commands -- Typographical conventions -- Mouse conventions -- How This Book Is Organized -- How to Use This Book -- What's on the Website -- Part I: Getting Started with Excel -- Chapter 1: Introducing Excel -- Understanding What Excel Is Used For -- Looking at What's New in Excel 2019 -- Understanding Workbooks and Worksheets -- Moving around a Worksheet -- Navigating with your keyboard -- Navigating with your mouse -- Using the Ribbon -- Ribbon tabs -- Contextual tabs -- Types of commands on the Ribbon -- Accessing the Ribbon by using your keyboard -- Using Shortcut Menus -- Customizing Your Quick Access Toolbar -- Working with Dialog Boxes -- Navigating dialog boxes -- Using tabbed dialog boxes -- Using Task Panes -- Creating Your First Excel Workbook -- Getting started on your worksheet -- Filling in the month names -- Entering the sales data -- Formatting the numbers -- Making your worksheet look a bit fancier -- Summing the values -- Creating a chart -- Printing your worksheet -- Saving your workbook -- Chapter 2: Entering and Editing Worksheet Data -- Exploring Data Types -- Numeric values -- Text entries -- Formulas -- Entering Text and Values into Your Worksheets -- Entering numbers -- Entering text -- Using Enter mode -- Entering Dates and Times into Your Worksheets -- Entering date values -- Entering time values -- Modifying Cell Contents -- Deleting the contents of a cell -- Replacing the contents of a cell -- Editing the contents of a cell -- Learning some handy data-entry techniques -- Automatically moving the selection after entering data -- Selecting a range of input cells before entering data.</subfield>
  </datafield>
  <datafield tag="505" ind1="8" ind2=" ">
   <subfield code="a">Changing Your Page View -- Normal view -- Page Layout view -- Page Break Preview -- Adjusting Common Page Setup Settings -- Choosing your printer -- Specifying what you want to print -- Changing page orientation -- Specifying paper size -- Printing multiple copies of a report -- Adjusting the page margins -- Understanding page breaks -- Inserting a page break -- Removing manual page breaks -- Printing row and column titles -- Scaling printed output -- Printing cell gridlines -- Printing row and column headers -- Using a background image -- Adding a Header or a Footer to Your Reports -- Selecting a predefined header or footer -- Understanding header and footer element codes -- Exploring other header and footer options -- Exploring Other Print-Related Topics -- Copying Page Setup settings across sheets -- Preventing certain cells from being printed -- Preventing objects from being printed -- Creating custom views of your worksheet -- Creating PDF files -- Chapter 8: Customizing the Excel User Interface -- Customizing the Quick Access Toolbar -- About the Quick Access toolbar -- Adding new commands to the Quick Access toolbar -- Other Quick Access toolbar actions -- Customizing the Ribbon -- Why you may want to customize the Ribbon -- What can be customized -- How to customize the Ribbon -- Creating a new tab -- Creating a new group -- Adding commands to a new group -- Resetting the Ribbon -- Part II: Working with Formulas and Functions -- Chapter 9: Introducing Formulas and Functions -- Understanding Formula Basics -- Using operators in formulas -- Understanding operator precedence in formulas -- Using functions in your formulas -- Examples of formulas that use functions -- Function arguments -- More about functions -- Entering Formulas into Your Worksheets -- Entering formulas manually -- Entering formulas by pointing.</subfield>
  </datafield>
  <datafield tag="505" ind1="8" ind2=" ">
   <subfield code="a">Pasting range names into formulas.</subfield>
  </datafield>
  <datafield tag="505" ind1="8" ind2=" ">
   <subfield code="a">Selecting cells by searching -- Copying or Moving Ranges -- Copying by using Ribbon commands -- Copying by using shortcut menu commands -- Copying by using shortcut keys -- Copying or moving by using drag-and-drop -- Copying to adjacent cells -- Copying a range to other sheets -- Using the Office Clipboard to paste -- Pasting in special ways -- Using the Paste Special dialog box -- Performing mathematical operations without formulas -- Skipping blanks when pasting -- Transposing a range -- Using Names to Work with Ranges -- Creating range names in your workbooks -- Using the Name box -- Using the New Name dialog box -- Using the Create Names from Selection dialog box -- Managing names -- Adding Comments to Cells -- Formatting comments -- Changing a comment's shape -- Reading comments -- Hiding and showing comments -- Editing comments -- Deleting comments -- Working with Tables -- Understanding a table's structure -- The header row -- The data body -- The total row -- The resizing handle -- Creating a table -- Adding data to a table -- Sorting and filtering table data -- Sorting a table -- Filtering a table -- Filtering a table with slicers -- Changing the table's appearance -- Chapter 5: Formatting Worksheets -- Getting to Know the Formatting Tools -- Using the formatting tools on the Home tab -- Using the Mini toolbar -- Using the Format Cells dialog box -- Formatting Your Worksheet -- Using fonts to format your worksheet -- Changing text alignment -- Choosing horizontal alignment options -- Choosing vertical alignment options -- Wrapping or shrinking text to fit the cell -- Merging worksheet cells to create additional text space -- Displaying text at an angle -- Using colors and shading -- Adding borders and lines -- Using Conditional Formatting -- Specifying conditional formatting -- Using graphical conditional formats -- Using data bars.</subfield>
  </datafield>
  <datafield tag="505" ind1="8" ind2=" ">
   <subfield code="a">Using color scales -- Using icon sets -- Creating formula-based rules -- Understanding relative and absolute references -- Conditional formatting formula examples -- Identifying weekend days -- Highlighting a row based on a value -- Displaying alternate-row shading -- Creating checkerboard shading -- Shading groups of rows -- Working with conditional formats -- Managing rules -- Copying cells that contain conditional formatting -- Deleting conditional formatting -- Locating cells that contain conditional formatting -- Using Named Styles for Easier Formatting -- Applying styles -- Modifying an existing style -- Creating new styles -- Merging styles from other workbooks -- Controlling styles with templates -- Understanding Document Themes -- Applying a theme -- Customizing a theme -- Chapter 6: Understanding Excel Files and Templates -- Creating a New Workbook -- Opening an Existing Workbook -- Filtering filenames -- Choosing your file display preferences -- Saving a Workbook -- Using AutoRecover -- Recovering versions of the current workbook -- Recovering unsaved work -- Configuring AutoRecover -- Password-Protecting a Workbook -- Organizing Your Files -- Other Workbook Info Options -- Protect Workbook options -- Check for Issues options -- Manage Workbook options -- Browser View options -- Compatibility Mode section -- Closing Workbooks -- Safeguarding Your Work -- Working with Templates -- Exploring Excel templates -- Viewing templates -- Creating a workbook from a template -- Modifying a template -- Using default templates -- Using the workbook template to change workbook defaults -- Creating a worksheet template -- Editing your template -- Resetting the default workbook -- Using custom workbook templates -- Creating custom templates -- Saving your custom templates -- Using custom templates -- Chapter 7: Printing Your Work -- Doing Basic Printing.</subfield>
  </datafield>
  <datafield tag="505" ind1="8" ind2=" ">
   <subfield code="a">Using Ctrl+Enter to place information into multiple cells simultaneously -- Changing modes -- Entering decimal points automatically -- Using AutoFill to enter a series of values -- Using AutoComplete to automate data entry -- Forcing text to appear on a new line within a cell -- Using AutoCorrect for shorthand data entry -- Entering numbers with fractions -- Using a form for data entry -- Entering the current date or time into a cell -- Applying Number Formatting -- Using automatic number formatting -- Formatting numbers by using the Ribbon -- Using shortcut keys to format numbers -- Formatting numbers by using the Format Cells dialog box -- Adding your own custom number formats -- Chapter 3: Performing Basic Worksheet Operations -- Learning the Fundamentals of Excel Worksheets -- Working with Excel windows -- Moving and resizing windows -- Switching among windows -- Closing windows -- Activating a worksheet -- Adding a new worksheet to your workbook -- Deleting a worksheet you no longer need -- Changing the name of a worksheet -- Changing a sheet tab color -- Rearranging your worksheets -- Hiding and unhiding a worksheet -- Controlling the Worksheet View -- Zooming in or out for a better view -- Viewing a worksheet in multiple windows -- Comparing sheets side by side -- Splitting the worksheet window into panes -- Keeping the titles in view by freezing panes -- Monitoring cells with a Watch Window -- Working with Rows and Columns -- Inserting rows and columns -- Deleting rows and columns -- Changing column widths and row heights -- Changing column widths -- Changing row heights -- Hiding rows and columns -- Chapter 4: Working with Excel Ranges and Tables -- Understanding Cells and Ranges -- Selecting ranges -- Selecting complete rows and columns -- Selecting noncontiguous ranges -- Selecting multisheet ranges -- Selecting special types of cells.</subfield>
  </datafield>
  <datafield tag="630" ind1="0" ind2="0">
   <subfield code="a">Microsoft Excel (Computer file)</subfield>
  </datafield>
  <datafield tag="650" ind1=" " ind2="0">
   <subfield code="a">Business</subfield>
   <subfield code="x">Computer programs.</subfield>
  </datafield>
  <datafield tag="650" ind1=" " ind2="0">
   <subfield code="a">Electronic spreadsheets.</subfield>
  </datafield>
  <datafield tag="655" ind1=" " ind2="7">
   <subfield code="a">elektronické knihy</subfield>
   <subfield code="7">fd186907</subfield>
   <subfield code="2">czenas</subfield>
  </datafield>
  <datafield tag="655" ind1=" " ind2="9">
   <subfield code="a">electronic books</subfield>
   <subfield code="2">eczenas</subfield>
  </datafield>
  <datafield tag="700" ind1="1" ind2=" ">
   <subfield code="a">Kusleika, Dick,</subfield>
   <subfield code="e">author.</subfield>
  </datafield>
  <datafield tag="700" ind1="1" ind2=" ">
   <subfield code="a">Walkenbach, John,</subfield>
   <subfield code="e">author.</subfield>
  </datafield>
  <datafield tag="776" ind1="0" ind2="8">
   <subfield code="i">Print version:</subfield>
   <subfield code="a">Alexander, Michael.</subfield>
   <subfield code="t">Excel 2019 Bible.</subfield>
   <subfield code="d">Indianapolis, IN : Wiley, c2019</subfield>
   <subfield code="h">1123 pages</subfield>
   <subfield code="z">9781119514787</subfield>
   <subfield code="w">(DLC) 2018954472</subfield>
  </datafield>
  <datafield tag="797" ind1="2" ind2=" ">
   <subfield code="a">ProQuest (Firm)</subfield>
  </datafield>
  <datafield tag="856" ind1="4" ind2="0">
   <subfield code="u">https://ebookcentral.proquest.com/lib/vsep/detail.action?docID=5521163</subfield>
   <subfield code="y">Plný text</subfield>
  </datafield>
  <datafield tag="856" ind1="4" ind2="2">
   <subfield code="u">https://knihovna.vse.cz/zdroje/proquest-ebook-central/?info</subfield>
   <subfield code="y">Informace o práci s e-knihami</subfield>
  </datafield>
  <datafield tag="BAS" ind1=" " ind2=" ">
   <subfield code="a">PQ-OWNED</subfield>
  </datafield>
  <datafield tag="BAS" ind1=" " ind2=" ">
   <subfield code="a">EB</subfield>
  </datafield>
  <datafield tag="993" ind1=" " ind2=" ">
   <subfield code="x">NEPOSILAT</subfield>
   <subfield code="y">EB</subfield>
  </datafield>
 </record>
</collection>
